00421nam a2200157Ia 45000010006000000050017000060080041000230410008000640820015000721000038000872450086001252600009002113000027002206500008002476540008002552079220260306172831.0260306t2012||||xx |||||||||||||| ||spa|| aESP a343.8bB74 aBorrero Moro, Cristóbal J.eAUT 0aLos derechos fundamentales de los contribuyentes en la fiscalización tributaria c2012 a95 páginas :c24 cm. aGEN aCDE